Hindu Geography - Statistics

General Stats
  • This quiz has been taken 25 times
  • The average score is 11 of 20
Answer Stats
Hint Answer % Correct
Holiest river in Hinduism Ganga
100%
Mountain abode of Shiva Mount Kailas
91%
Island fortress of the Asura king Ravana Lanka
87%
Birthplace of Rama. Located on the banks of the Sharayu river Ayodhya
83%
Location of the great 18 day war of the Mahabharata Kurukshetra
74%
Ancient city also known as Kashi. Said to be the holiest city in Hinduism Varanasi
70%
Abode of Jagannatha. Coastal city in the state of Odisha Puri
65%
Capital of the Kauravas in the Mahabharata Hastinapur
61%
Capital city of Krishna located on the Arabian Sea Dwarka
57%
Birthplace of Krishna. Located on the banks of the Jamuna river Mathura
57%
Abode of Venkateshwara. Temple town in the state of Andhra Pradesh Tirupati
52%
Abode of Vishnu Vaikuntha
48%
Mountain rising from the centre of the Island of the Indian Blackberry Mount Meru
43%
Town located close to Ajmer in the state of Rajasthan. Holy lake and important Brahma temple Pushkar
43%
Mountain range that was the traditional boundary between North and South India Vindhyas
43%
Kingdom of the monkey people (vanaras) in the Ramayana Kishkindha
39%
Name for the Indian subcontinent as per the Puranas. Literally translates to "Island of the Indian Blackberry" Jambudvipa
30%
Abode of Vitthala Panduranga. Temple town in the state of Maharashtra Pandharpur
22%
Capital city of Indra's heavenly abode Amaravati
17%
Abode of Shiva in the form of Nataraja. Temple town in the state of Tamil Nadu Chidambaram
13%
No matching quizzes found
Score Distribution
Percent of People with Each Score
Percentile by Number Answered
Your Score History
You have not taken this quiz